000 00690nam a22002172 4500
001 0000024907
005 20151217152307.0
008 140325s xx 000 0 eng d
020 _a007176316 :
040 _aKABU
_cKABU
245 1 0 _aCurrent diagnosis & treatment in otolaryngology :
_bhead & neck surgery /
_cedited by Anil K. Lalwani.
250 _a3rd ed.
260 _aNew York :
_bMcGraw-Hill,
_c2012.
300 _axix, 1013 p.
650 0 _aOtolaryngology.
_@0000180766
650 0 _aOtolaryngology, Operative.
_@0000184501
700 1 _aLalwani, Anil K.
_@0000185182
852 1 _9p4350 KES
908 _a140325
950 _@1
999 _c10417
_d10417